00929nas a2200229Ia 4500001001100000003000900011008004100020040001300061040001300074041001200087100004300099210001700142222001700159245009500176250001100271260004600282501008600328300001900414362003700433500019300470650003600663R020/85480IT-RoPAU151124c99999999xx |||||||||||| ||und|| aIT-RoPAU cIT-RoPAU aINGLESE aKaufman J.B.gCodice Aut. SPICS: 23880 aGRIFFITHIANA aGriffithiana aGRIFFITHIANA, ANNO 12-N.35/36 (OTTOBRE 1989)bUnpardonable Sin (The): An Unmarketable Film a1a ed. aGEMONA (UDINE)bCINETECA DEL FRIULIc1989 bPaulus - SPICS - Società€ San Paolo EM (non-commercial uses only)cCopyright2015 a4 p. [156-159] aANNO 012, N.35/36 (OTTOBRE 1989) aNote Critiche Sul Film di Marshall Neilan Sulla Brutalità€ dei Soldati Tedeschi Nei Confronti di Vittime Innocenti. Testo Italiano a Pagina 151 Dellostesso Volume. Film Non Commerciabile. aCINEMAvPUBBLICAZIONE PERIODICA